Ciudades y pueblos españoles de santos - Estadísticas

Estadísticas generales
  • Esta prueba ha sido intentada 42 veces
  • La puntuación promedio es 10 de 57
Estadísticas de respuestas
Población Respuesta % Correcto
189.093 San Sebastián
76%
211.359 Santa Cruz de Tenerife
70%
98.621 San Cugat del Vallés
48%
160.258 San Cristóbal de La Laguna
42%
93.645 San Fernando
42%
121.203 Santa Coloma de Gramanet
42%
94.969 San Sebastián de los Reyes
33%
19.200 San Bartolomé
30%
84.831 San Baudilio de Llobregat
30%
35.241 San Javier
30%
29.506 San José
30%
27.691 San Pedro del Pinatar
27%
77 098 Santa Lucía de Tirajana
24%
60.269 San Vicente del Raspeig
24%
52.936 San Bartolomé de Tirajana
21%
38.980 San Fernando de Henares
21%
41.706 Santa Eulalia del Río
21%
38.490 San Adrián de Besós
18%
28.237 San Antonio Abad
18%
46.554 San Feliú de Llobregat
18%
22.472 San Juan de Aznalfarache
18%
38.556 Santa Pola
18%
89.960 El Puerto de Santa María
15%
20.462 San Justo Desvern
15%
20.241 San Quirce del Vallés
15%
33.646 San Roque
15%
12.945 San Sadurní de Noya
15%
15.565 Santa Cruz de la Palma
15%
22.751 San Felíu de Guixols
12%
25.275 San Juan de Alicante
12%
34.568 San Juan Despí
12%
18.510 Santa Brígida
12%
13.160 Santa Margarita
12%
15.386 Santa Úrsula
12%
26.910 San Andrés de la Barca
9%
11.831 San Andrés de Llavaneras
9%
29.961 San Andrés del Rabanedo
9%
18.479 San Celoni
9%
20.304 San Martín de la Vega
9%
13.634 Santa Coloma de Farnés
9%
10.456 Santa Margarita de Montbuy
9%
25.928 Santa Perpetua de Moguda
9%
28.406 San Vicente dels Horts
9%
16.400 Las Cabezas de San Juan
6%
18.489 San Lorenzo de El Escorial
6%
31.786 San Pedro de Ribas
6%
13.689 Santa Cruz de Bezana
6%
14.683 Santa Marta de Tormes
6%
10.068 San Vicente de Castellet.
6%
13.650 San Agustín del Guadalix
3%
10.200 San Antonio de Benagéber
3%
15.802 San Carlos de la Rápita
3%
10.959 San Juan de Torruella
3%
15.405 San Martín del Rey Aurelio
3%
22.606 San Miguel de Abona
3%
13.948 Santa María de Guía de Gran Canaria
3%
13.376 Velilla de San Antonio
3%
No se encontraron pruebas coincidentes
Distribución de puntuación
Porcentaje de gente con cada puntuación
Porcentaje por número respondido
Historial de tus puntuaciones
No has intentado esta prueba.